Organizational behavior / (Record no. 2936)

MARC details
000 -LEADER
fixed length control field 00617nam a2200193 ar4500
001 - CONTROL NUMBER
control field 2938
005 - DATE AND TIME OF LATEST TRANSACTION
control field 20221127090631.0
008 - FIXED-LENGTH DATA ELEMENTS--GENERAL INFORMATION
fixed length control field 121014s xxu a 00110 eng d
020 ## - INTERNATIONAL STANDARD BOOK NUMBER
International Standard Book Number 9781118092316(pbk) :
Terms of availability SR122.00
082 04 - DEWEY DECIMAL CLASSIFICATION NUMBER
Classification number 658
Item number Or3 2012
245 00 - TITLE STATEMENT
Title Organizational behavior /
Statement of responsibility, etc. J. Schermerhorn, Jr., ...[et al.].
250 ## - EDITION STATEMENT
Edition statement 12th ed.
260 ## - PUBLICATION, DISTRIBUTION, ETC.
Place of publication, distribution, etc. Hoboken, NJ :
Name of publisher, distributor, etc. John Wiley,
Date of publication, distribution, etc. 2012.
300 ## - PHYSICAL DESCRIPTION
Extent xxii, 425, [198] p. :
Other physical details ill. (chiefly col.) ;
Dimensions 26 cm.
504 ## - BIBLIOGRAPHY, ETC. NOTE
Bibliography, etc. note Includes bibl. references and index.
650 #4 - SUBJECT ADDED ENTRY--TOPICAL TERM
Topical term or geographic name entry element Organizational behavior.
650 #4 - SUBJECT ADDED ENTRY--TOPICAL TERM
Topical term or geographic name entry element Management.
700 0# - ADDED ENTRY--PERSONAL NAME
Personal name Schermerhorn, John R.,
Titles and other words associated with a name jr.
Holdings
Withdrawn status Lost status Source of classification or shelving scheme Damaged status Not for loan Home library Current library Date acquired Total Checkouts Full call number Barcode Date last seen Copy number Price effective from Koha item type
          CENTRAL CENTRAL 11/27/2022   658 Or3 2012 1000000008934 11/27/2022 C1 11/27/2022 Book